[Event "Big Open  leisure 12/01/2005"]
[Site "SchemingMind.com"]
[Date "2005.12.02"]
[Round "-"]
[White "keen"]
[Black "Katarrov"]
[Result "0-1"]
[WhiteCountry "SCO"]
[BlackCountry "ESP"]
[WhiteElo "1684"]
[WhiteRD "142"]
[BlackElo "2001"]
[BlackRD "122"]
[GameID "31815"]

1. e4 e5 2. Nf3 Nc6 3. Bb5 a6 4. Ba4 Nf6 5. O-O Be7 6. Re1 b5 7. Bb3 O-O 8. c3 d6 9. d4 Bg4 10. d5 Na5
11. Bc2 Qc8 12. Nbd2 c6 13. h3 Bd7 14. a4 cxd5 15. exd5 Nc4 16. Nxc4 bxc4 17. Bd2 Rb8 18. Rb1 Rd8 19. Be3 Qb7 20. a5 Nxd5
21. Bxh7+ Kxh7 22. Ng5+ Bxg5 23. Qh5+ Bh6 24. Bxh6 gxh6 25. Re4 Rg8 26. Rh4 Rxg2+
0-1

[Event "Big Open  leisure 12/01/2005"]
[Site "SchemingMind.com"]
[Date "2005.12.02"]
[Round "-"]
[White "Katarrov"]
[Black "keen"]
[Result "1-0"]
[WhiteCountry "ESP"]
[BlackCountry "SCO"]
[WhiteElo "2001"]
[WhiteRD "122"]
[BlackElo "1684"]
[BlackRD "142"]
[GameID "31817"]

1. e4 e6 2. d4 d5 3. Nd2 c5 4. exd5 Qxd5 5. Ngf3 cxd4 6. Bc4 Qd6 7. O-O Nf6 8. Nb3 Nc6 9. Nbxd4 Nxd4 10. Nxd4 a6
11. Re1 Be7 12. c3 b5 13. Qf3 Ra7 14. Bf4 Qb6 15. Be3 Bc5 16. b4 Bb7 17. bxc5 Qxc5 18. Nxb5
1-0

[Event "Big Open  leisure 12/01/2005"]
[Site "SchemingMind.com"]
[Date "2005.12.03"]
[Round "-"]
[White "Louis Lima"]
[Black "Katarrov"]
[Result "0-1"]
[WhiteCountry "ESP"]
[BlackCountry "ESP"]
[WhiteElo "1717"]
[WhiteRD "56"]
[BlackElo "2093"]
[BlackRD "104"]
[GameID "31963"]

1. e4 e5 2. d4 exd4 3. c3 dxc3 4. Bc4 cxb2 5. Bxb2 d5 6. Bxd5 Bb4+ 7. Kf1 Nf6 8. Qa4+ Nc6 9. Bxc6+ bxc6 10. Qxc6+ Bd7
11. Qc4 Rb8
0-1

[Event "Big Open  leisure 12/01/2005"]
[Site "SchemingMind.com"]
[Date "2005.12.03"]
[Round "-"]
[White "Louis Lima"]
[Black "keen"]
[Result "1/2-1/2"]
[WhiteCountry "ESP"]
[BlackCountry "SCO"]
[WhiteElo "1717"]
[WhiteRD "56"]
[BlackElo "1741"]
[BlackRD "125"]
[GameID "31964"]

1. d4 d5 2. Nf3 Nf6 3. e3 Bg4 4. c4 e6 5. Qb3 b6 6. Ne5 Bf5 7. Nc3 Be7 8. Qa4+ Nfd7 9. cxd5 O-O 10. dxe6 Bxe6
11. Bb5 Nxe5 12. dxe5 a6 13. Bc4 Bd7 14. Qc2 Nc6 15. Bd3 g6 16. Nd5 Nxe5 17. Nxe7+ Qxe7 18. Be2 c5 19. O-O Bc6 20. e4 Rfe8
21. Be3 Qh4 22. Rad1 Bxe4 23. Qc3 Re6 24. f3 Bc6 25. Bf2 Qe7 26. Bg3 Ng4 27. Bc4 Re3 28. Qd2 b5 29. Bxf7+ Qxf7 30. fxg4= Qe7
31. Rde1 Re8 32. Rxe3 Qxe3+ 33. Qxe3 Rxe3 34. Rf6 Bd7 35. Rxa6 Bxg4 36. Ra8+= Kg7 37. Ra7+ Kg8 38. Ra8+=
1/2-1/2

[Event "Big Open  leisure 12/01/2005"]
[Site "SchemingMind.com"]
[Date "2005.12.04"]
[Round "-"]
[White "Katarrov"]
[Black "Louis Lima"]
[Result "1-0"]
[WhiteCountry "ESP"]
[BlackCountry "ESP"]
[WhiteElo "2149"]
[WhiteRD "96"]
[BlackElo "1667"]
[BlackRD "52"]
[GameID "31966"]

1. e4 d5 2. exd5 Nf6 3. Nf3 Nxd5 4. d4 Bg4 5. Be2 e6 6. O-O Bd6 7. Ne5 Bxe2 8. Qxe2 Nd7 9. c4 N5f6 10. Bg5 Be7
11. Nc3 Nxe5 12. dxe5 Nd7 13. Bf4 Bg5 14. Bxg5 Qxg5 15. f4 Qh4 16. Nb5 Qd8 17. f5 O-O 18. Rad1 a6 19. Nc3 exf5 20. e6 fxe6
21. Qxe6+
1-0

[Event "Big Open  leisure 12/01/2005"]
[Site "SchemingMind.com"]
[Date "2005.12.03"]
[Round "-"]
[White "keen"]
[Black "Louis Lima"]
[Result "1-0"]
[WhiteCountry "SCO"]
[BlackCountry "ESP"]
[WhiteElo "1741"]
[WhiteRD "125"]
[BlackElo "1717"]
[BlackRD "56"]
[GameID "31967"]

1. e4 d5 2. exd5 Qxd5 3. Nc3 Qa5 4. d4 Nf6 5. Bd2 Qb6 6. Nf3 Bg4 7. Be2 e6 8. Na4 Qc6 9. Nc3 Bd6 10. h3 Bxf3
11. Bxf3 Qb6 12. O-O c6 13. Ne2 Nbd7 14. c4 Qxb2 15. Bc3 Qa3 16. c5 Bc7 17. Rb1 Rb8 18. Bb4 Qxa2 19. Nc3 Qa6 20. Ra1 Qc4
21. Ra4 Nd5 22. Bxd5
1-0

[Event "Big Open  leisure 12/01/2005"]
[Site "SchemingMind.com"]
[Date "2005.12.03"]
[Round "-"]
[White "Zonrog"]
[Black "Louis Lima"]
[Result "1-0"]
[WhiteCountry "RSA"]
[BlackCountry "ESP"]
[WhiteElo "1935"]
[WhiteRD "211"]
[BlackElo "1717"]
[BlackRD "56"]
[GameID "31971"]

1. d4 f5 2. Nf3 Nf6 3. e3 g6 4. Nbd2 Bg7 5. Bd3 d6 6. Qe2 O-O 7. c3 Nbd7 8. O-O e5 9. e4 f4 10. Ng5 Qe7
11. Bc4+
1-0

[Event "Big Open  leisure 12/01/2005"]
[Site "SchemingMind.com"]
[Date "2005.12.03"]
[Round "-"]
[White "Zonrog"]
[Black "Katarrov"]
[Result "0-1"]
[WhiteCountry "RSA"]
[BlackCountry "ESP"]
[WhiteElo "1521"]
[WhiteRD "123"]
[BlackElo "2178"]
[BlackRD "95"]
[GameID "31972"]

1. d4 d5 2. Nf3 Nf6 3. Nbd2 Bf5 4. Nh4 Bd7 5. e3 e6 6. Nhf3 c5 7. c3 Bd6 8. Bd3 O-O 9. O-O Nc6 10. Qe2 Qc7
11. h3 Rae8 12. e4 cxd4 13. cxd4 e5 14. dxe5 Bxe5 15. Nxe5 Nxe5 16. exd5 Neg4
0-1

[Event "Big Open  leisure 12/01/2005"]
[Site "SchemingMind.com"]
[Date "2005.12.03"]
[Round "-"]
[White "Zonrog"]
[Black "keen"]
[Result "0-1"]
[WhiteCountry "RSA"]
[BlackCountry "SCO"]
[WhiteElo "1483"]
[WhiteRD "117"]
[BlackElo "1704"]
[BlackRD "69"]
[GameID "31973"]

1. d4 Nf6 2. Nf3 g6 3. Nbd2 Bg7 4. e3 d6 5. c3 O-O 6. Bd3 Re8 7. O-O e5 8. e4 Nc6 9. h3 exd4 10. cxd4 Bd7
11. Qb3 Qc8 12. Ng5 Re7 13. f4 Nxd4 14. Qd1 h6 15. Ngf3 Nxf3+ 16. Qxf3 Bc6 17. Re1 Qe8 18. f5 gxf5
0-1

[Event "Big Open  leisure 12/01/2005"]
[Site "SchemingMind.com"]
[Date "2005.12.03"]
[Round "-"]
[White "Louis Lima"]
[Black "Zonrog"]
[Result "1-0"]
[WhiteCountry "ESP"]
[BlackCountry "RSA"]
[WhiteElo "1667"]
[WhiteRD "52"]
[BlackElo "1580"]
[BlackRD "131"]
[GameID "31975"]

1. d4 d5 2. Nf3 Nf6 3. e3 Bg4 4. c4 e6 5. Nc3 c6 6. Qb3 Qc7 7. Ne5 Bf5 8. Bd3 Bxd3 9. Nxd3 Nbd7 10. Bd2 Be7
11. cxd5 exd5 12. O-O-O
1-0

[Event "Big Open  leisure 12/01/2005"]
[Site "SchemingMind.com"]
[Date "2005.12.04"]
[Round "-"]
[White "Katarrov"]
[Black "Zonrog"]
[Result "1-0"]
[WhiteCountry "ESP"]
[BlackCountry "RSA"]
[WhiteElo "2178"]
[WhiteRD "95"]
[BlackElo "1521"]
[BlackRD "123"]
[GameID "31976"]

1. e4 c5 2. Nf3 d6 3. d4 cxd4 4. Nxd4 Nf6 5. Nc3 a6 6. Bg5 e6 7. f4 Be7 8. Qf3 Qc7 9. O-O-O Nbd7 10. g4 b5
11. Bxf6 Nxf6 12. g5 Nd7 13. f5 e5 14. Nd5 Bxg5+ 15. Kb1 Qb7 16. Ne6
1-0

[Event "Big Open  leisure 12/01/2005"]
[Site "SchemingMind.com"]
[Date "2005.12.03"]
[Round "-"]
[White "keen"]
[Black "Zonrog"]
[Result "1-0"]
[WhiteCountry "SCO"]
[BlackCountry "RSA"]
[WhiteElo "1704"]
[WhiteRD "69"]
[BlackElo "1483"]
[BlackRD "117"]
[GameID "31977"]

1. e4 c5 2. Nf3 d6 3. d4 cxd4 4. Nxd4 Nf6 5. Nc3 a6 6. Bc4 Qc7 7. Bb3 Nbd7 8. f4 Nc5 9. Qf3 Nxb3 10. axb3 b5
11. Ndxb5 Qc6 12. Nd4 Qc7 13. O-O Bb7 14. Qe2 e6 15. f5 e5 16. Nf3 Qc6 17. Ra4
1-0

[Event "Big Open  leisure 12/01/2005"]
[Site "SchemingMind.com"]
[Date "2005.12.03"]
[Round "-"]
[White "jenricks"]
[Black "Louis Lima"]
[Result "1-0"]
[WhiteCountry "ENG"]
[BlackCountry "ESP"]
[WhiteElo "2028"]
[WhiteRD "116"]
[BlackElo "1717"]
[BlackRD "56"]
[GameID "32006"]

1. d4 Nf6 2. c4 c5 3. e3 e6 4. Nc3 d5 5. cxd5 exd5 6. g3 Nc6 7. Bg2 Be7 8. Nge2 O-O 9. O-O Bg4 10. h3 Bh5
11. g4 Bg6 12. Nf4 Qc7 13. g5 Ne4 14. Nxg6 fxg6 15. Nxd5
1-0

[Event "Big Open  leisure 12/01/2005"]
[Site "SchemingMind.com"]
[Date "2005.12.03"]
[Round "-"]
[White "jenricks"]
[Black "Zonrog"]
[Result "1-0"]
[WhiteCountry "ENG"]
[BlackCountry "RSA"]
[WhiteElo "2071"]
[WhiteRD "84"]
[BlackElo "1580"]
[BlackRD "131"]
[GameID "32007"]

1. d4 d5 2. c4 e6 3. Nc3 Nf6 4. cxd5 exd5 5. e3 c6 6. Bd3 Bd6 7. Nf3 Bg4 8. h3 Bh5 9. O-O Nbd7 10. e4 dxe4
11. Nxe4 Nxe4 12. Bxe4 Nf6 13. Bg5 h6 14. Bxf6
1-0

[Event "Big Open  leisure 12/01/2005"]
[Site "SchemingMind.com"]
[Date "2005.12.03"]
[Round "-"]
[White "jenricks"]
[Black "Katarrov"]
[Result "1/2-1/2"]
[WhiteCountry "ENG"]
[BlackCountry "ESP"]
[WhiteElo "2158"]
[WhiteRD "69"]
[BlackElo "2180"]
[BlackRD "93"]
[GameID "32008"]

1. e4 e5 2. Nf3 Nc6 3. Bb5 a6 4. Bxc6 dxc6 5. O-O f6 6. Nc3 Bg4 7. h3 Bh5 8. g4 Bf7 9. d4 exd4 10. Nxd4 Qd7
11. Be3 h5 12. Nf5 Qxd1 13. Rfxd1 g6 14. Ng3 hxg4 15. hxg4 Bd6 16. g5 O-O-O 17. gxf6 Rf8 18. Nce2 Be5 19. Bd4 Bxd4 20. Nxd4 Nxf6
21. a4 Ng4 22. Ra3 Ne5 23. Rb1 Be8 24. Rc3 b6 25. b4 Bd7 26. Rf1 Rh4 27. a5 Rhf4 28. f3 Bh3 29. Rf2 Bg4 30. axb6 cxb6
31. Kg2 R4f6 32. Rf1 Bd7 33. Rh1 R6f7 34. Nge2 g5 35. Ng3 g4 36. fxg4 Rf2+ 37. Kg1 Rd2 38. Ngf5 Rd1+ 39. Kg2 Rxh1 40. Kxh1=
1/2-1/2

[Event "Big Open  leisure 12/01/2005"]
[Site "SchemingMind.com"]
[Date "2005.12.03"]
[Round "-"]
[White "jenricks"]
[Black "keen"]
[Result "1-0"]
[WhiteCountry "ENG"]
[BlackCountry "SCO"]
[WhiteElo "2028"]
[WhiteRD "116"]
[BlackElo "1741"]
[BlackRD "125"]
[GameID "32009"]

1. d4 Nf6 2. c4 g6 3. Nc3 Bg7 4. Nf3 O-O 5. e4 d6 6. Be2 Nbd7 7. O-O e5 8. Re1 exd4 9. Nxd4 Nc5 10. f3 Re8
11. Be3 Ne6 12. Nxe6 Bxe6 13. Qd2 c6 14. Rad1 Qc7 15. Qxd6 Qxd6 16. Rxd6 Red8 17. Rxd8+ Rxd8 18. e5 Nd7 19. f4 b6 20. Rd1 f6
21. exf6 Bxf6 22. Rd6 Kf7 23. Rxc6 Nb8 24. Rc7+ Rd7 25. Rxd7+ Nxd7 26. Bd2 Nb8 27. b3 Nc6 28. Bf3 Nd4 29. Bd5 Ke7 30. Ne4 Nf5
31. Bb4+ Kf7 32. Nxf6 Kxf6 33. Be4 Nd4 34. Bc3
1-0

[Event "Big Open  leisure 12/01/2005"]
[Site "SchemingMind.com"]
[Date "2005.12.03"]
[Round "-"]
[White "Louis Lima"]
[Black "jenricks"]
[Result "0-1"]
[WhiteCountry "ESP"]
[BlackCountry "ENG"]
[WhiteElo "1717"]
[WhiteRD "56"]
[BlackElo "2028"]
[BlackRD "116"]
[GameID "32011"]

1. e4 e5 2. d4 exd4 3. c3 c5 4. cxd4 cxd4 5. Nf3 Bc5 6. Bc4 Nf6 7. e5 d5 8. exf6 dxc4 9. Qe2+ Be6 10. fxg7 Rg8
11. O-O Qf6 12. Nbd2 Qxg7
0-1

[Event "Big Open  leisure 12/01/2005"]
[Site "SchemingMind.com"]
[Date "2005.12.04"]
[Round "-"]
[White "Zonrog"]
[Black "jenricks"]
[Result "0-1"]
[WhiteCountry "RSA"]
[BlackCountry "ENG"]
[WhiteElo "1580"]
[WhiteRD "131"]
[BlackElo "2071"]
[BlackRD "84"]
[GameID "32012"]

1. d4 Nf6 2. Nf3 b6 3. Nbd2 d5 4. e3 e6 5. c3 Bd6 6. Bd3 Bb7 7. Qe2 Nbd7 8. O-O Ne4 9. c4 O-O 10. Ne1 Qh4
11. Nef3 Qg4 12. h3 Qg6 13. Ne1 c5 14. Nxe4 dxe4
0-1

[Event "Big Open  leisure 12/01/2005"]
[Site "SchemingMind.com"]
[Date "2005.12.04"]
[Round "-"]
[White "Katarrov"]
[Black "jenricks"]
[Result "1-0"]
[WhiteCountry "ESP"]
[BlackCountry "ENG"]
[WhiteElo "2164"]
[WhiteRD "89"]
[BlackElo "1883"]
[BlackRD "85"]
[GameID "32013"]

1. e4 c5 2. Nf3 d6 3. d4 cxd4 4. Nxd4 Nf6 5. Nc3 e5 6. Bb5+ Nbd7 7. Nf5 a6 8. Bxd7+ Qxd7 9. Bg5 Nxe4 10. Nxg7+ Bxg7
11. Nxe4 O-O 12. Qxd6 f6 13. Qxd7 Bxd7 14. Bd2 Bc6 15. Ng3 f5 16. Bb4 Rf7 17. Rg1 a5 18. Bc3 b5 19. a3 f4 20. Nh5 Bh8
21. g3 f3 22. g4 Rc7 23. g5 b4 24. Bd2 Kf7 25. h4 Bb5 26. c3 bxc3 27. Bxc3 Rc4 28. Ng3 Rxh4 29. O-O-O Rg4 30. Rh1 Kg8
31. Rd5 Ba4 32. Kd2 Rxg5 33. Bxa5 Rg6 34. Bc3 Bc6 35. Rc5 Re8 36. b4 Bb7 37. a4 Re7 38. b5 Rd6+= 39. Kc1 Rdd7 40. a5 Rc7
41. Rxc7 Rxc7= 42. Kd2 Bd5 43. Nf5 Rd7 44. Kc1
1-0

[Event "Big Open  leisure 12/01/2005"]
[Site "SchemingMind.com"]
[Date "2005.12.03"]
[Round "-"]
[White "keen"]
[Black "jenricks"]
[Result "0-1"]
[WhiteCountry "SCO"]
[BlackCountry "ENG"]
[WhiteElo "1684"]
[WhiteRD "142"]
[BlackElo "1868"]
[BlackRD "155"]
[GameID "32014"]

1. e4 e5 2. Nf3 Nf6 3. Nxe5 d6 4. Nf3 Nxe4 5. Bc4 d5 6. Bb3 Nc5 7. O-O Nxb3 8. axb3 Be7 9. Nc3 Nc6 10. Re1 d4
11. Nb5 d3 12. cxd3 O-O 13. Qc2 Bf5 14. Ne5 Nxe5 15. Rxe5 Bxd3 16. Qxc7 Bf6 17. Qxd8 Raxd8 18. Rh5 Rfe8 19. h3 Re1+ 20. Kh2 Be7
21. Nc3 f5
0-1

[Event "Big Open  leisure 12/01/2005"]
[Site "SchemingMind.com"]
[Date "2005.12.04"]
[Round "-"]
[White "AaronB"]
[Black "Louis Lima"]
[Result "0-1"]
[WhiteCountry "USA"]
[BlackCountry "ESP"]
[WhiteElo "1576"]
[WhiteRD "72"]
[BlackElo "1667"]
[BlackRD "52"]
[GameID "32033"]

1. e4 d5 2. exd5 Nf6 3. d4 Nxd5 4. Nf3 Bg4 5. h3 Bxf3 6. Qxf3 Nc6 7. c3 e6 8. Bd3 Bd6 9. O-O Qh4 10. Qg4 Qxg4
11. hxg4 Nf4 12. Bb5 Kd7 13. Bxf4 Bxf4 14. g3 Bg5 15. f4 Be7 16. Nd2 h5 17. g5 a6 18. Bd3 g6 19. a3 h4 20. g4 Rag8
21. Rf3 h3 22. Kh2 Rh4 23. Rg3 f6 24. Nf3 Rhh8 25. gxf6 Bxf6 26. g5 Be7 27. Bf1 Bd6 28. Ne5+ Bxe5 29. fxe5 Rf8 30. Rxh3 Rxh3+
31. Kxh3 Rf2 32. Rb1 Ne7 33. Kg3 Rd2 34. Bh3 Nd5 35. c4 Ne3 36. d5 Nxc4 37. Bxe6+ Ke7 38. Bc8 Rxd5 39. Bxb7 Rxe5 40. b3 Rxg5+
41. Kf4 Rf5+ 42. Kg4 Nxa3 43. Ra1 Ra5 44. b4 Ra4 45. Kg5 Rxb4 46. Bxa6 Nb5 47. Bxb5 Rxb5+ 48. Kxg6 Kd6 49. Rc1 Re5 50. Kf6 c5
51. Rd1+ Rd5 52. Rc1 Rd3 53. Kf5 Kd5 54. Kf4 c4 55. Rc2 Kd4 56. Rc1 c3
0-1

[Event "Big Open  leisure 12/01/2005"]
[Site "SchemingMind.com"]
[Date "2005.12.04"]
[Round "-"]
[White "AaronB"]
[Black "jenricks"]
[Result "0-1"]
[WhiteCountry "USA"]
[BlackCountry "ENG"]
[WhiteElo "1566"]
[WhiteRD "71"]
[BlackElo "2028"]
[BlackRD "116"]
[GameID "32034"]

1. e4 c5 2. Nf3 d6 3. d4 cxd4 4. Qxd4 e5 5. Qa4+ Nc6 6. Bb5 Bd7 7. Be3 a6 8. Bxc6 Bxc6 9. Qc4 Nf6 10. Ng5 d5
11. exd5 Bxd5 12. Qf1 Qc7 13. Nc3 Bb4 14. Bd2 Bc4 15. Qg1 O-O 16. O-O-O Rac8 17. a3 Be7 18. Qe1 Rfd8 19. Be3 Bd5 20. f3 h6
21. Nh3 Bxa3 22. Nf2 Qxc3
0-1

[Event "Big Open  leisure 12/01/2005"]
[Site "SchemingMind.com"]
[Date "2005.12.04"]
[Round "-"]
[White "AaronB"]
[Black "Zonrog"]
[Result "1-0"]
[WhiteCountry "USA"]
[BlackCountry "RSA"]
[WhiteElo "1576"]
[WhiteRD "72"]
[BlackElo "1580"]
[BlackRD "131"]
[GameID "32035"]

1. e4 c5 2. Nf3 d6 3. d4 cxd4 4. c3 dxc3 5. Nxc3 Nf6 6. Qa4+ Nc6 7. Bb5 Bd7 8. Be3 a6 9. Bxc6 Bxc6 10. Qd4 e5
11. Qd3 Be7 12. O-O O-O 13. h3 Qa5 14. g4 Qb4 15. Nd5
1-0

[Event "Big Open  leisure 12/01/2005"]
[Site "SchemingMind.com"]
[Date "2005.12.04"]
[Round "-"]
[White "AaronB"]
[Black "Katarrov"]
[Result "0-1"]
[WhiteCountry "USA"]
[BlackCountry "ESP"]
[WhiteElo "1598"]
[WhiteRD "71"]
[BlackElo "2001"]
[BlackRD "122"]
[GameID "32036"]

1. d4 d5 2. Nc3 Nf6 3. Bg5 Nbd7 4. e3 e6 5. e4 dxe4 6. Nxe4 Be7 7. Qf3 Nxe4 8. Bxe7 Qxe7 9. Qxe4 Qb4+ 10. c3 Qxb2
11. Rd1 Qxc3+ 12. Rd2 Qa1+ 13. Ke2 Nf6 14. Qe5 c6 15. Qc7 Ne4 16. Rc2 Qb1 17. Rc4 Qxa2+ 18. Kf3 Nd2+ 19. Kf4 Nxf1 20. Rxc6 Qd2+
21. Ke5 Qg5+ 22. Ke4 Qf5#
0-1

[Event "Big Open  leisure 12/01/2005"]
[Site "SchemingMind.com"]
[Date "2005.12.04"]
[Round "-"]
[White "AaronB"]
[Black "keen"]
[Result "0-1"]
[WhiteCountry "USA"]
[BlackCountry "SCO"]
[WhiteElo "1598"]
[WhiteRD "71"]
[BlackElo "1684"]
[BlackRD "142"]
[GameID "32037"]

1. d4 Nf6 2. c4 g6 3. Nc3 Bg7 4. e4 O-O 5. e5 Ne8 6. Nf3 d6 7. Bf4 Nc6 8. h3 dxe5 9. dxe5 Be6 10. Qxd8 Rxd8
11. Be2 Nd4 12. Nxd4 Rxd4 13. Be3 Rd8 14. Bc5 Rd7 15. Rd1 Rxd1+ 16. Bxd1 f6 17. Bxe7 Rf7 18. Bxf6 Bxf6 19. exf6 Bxc4 20. b3 Be6
21. O-O Nxf6 22. Re1 Bd7 23. g4 Bc6 24. Kh2 a6 25. Kg3 g5 26. h4 Rg7 27. hxg5 Rxg5 28. f4 Rc5 29. Re3 Bd7 30. Bf3 Bc6
31. Bxc6 Rxc6 32. g5 Rxc3 33. Rxc3 Ne4+
0-1

[Event "Big Open  leisure 12/01/2005"]
[Site "SchemingMind.com"]
[Date "2005.12.04"]
[Round "-"]
[White "Louis Lima"]
[Black "AaronB"]
[Result "1-0"]
[WhiteCountry "ESP"]
[BlackCountry "USA"]
[WhiteElo "1717"]
[WhiteRD "56"]
[BlackElo "1566"]
[BlackRD "71"]
[GameID "32039"]

1. e4 e5 2. Nf3 Nf6 3. Bc4 Nxe4 4. Nc3 Nxc3 5. dxc3 f6 6. O-O Qe7 7. Re1 d6 8. Bf4 Be6 9. Bxe6 Qxe6 10. Nd4 Qd5
11. Qh5+ Kd7 12. Qf5+ Ke8 13. Rad1 Be7 14. Qc8+ Bd8 15. Ne6
1-0

[Event "Big Open  leisure 12/01/2005"]
[Site "SchemingMind.com"]
[Date "2005.12.04"]
[Round "-"]
[White "Zonrog"]
[Black "AaronB"]
[Result "0-1"]
[WhiteCountry "RSA"]
[BlackCountry "USA"]
[WhiteElo "1580"]
[WhiteRD "131"]
[BlackElo "1576"]
[BlackRD "72"]
[GameID "32041"]

1. d4 Nf6 2. Nf3 d5 3. e3 c5 4. c3 e6 5. Bd3 Bd6 6. Nbd2 O-O 7. O-O c4 8. Bc2 b5 9. e4 dxe4 10. Nxe4 Be7
11. Nxf6+ Bxf6 12. Be4 Nc6 13. Bxc6 Rb8
0-1

[Event "Big Open  leisure 12/01/2005"]
[Site "SchemingMind.com"]
[Date "2005.12.04"]
[Round "-"]
[White "Katarrov"]
[Black "AaronB"]
[Result "1-0"]
[WhiteCountry "ESP"]
[BlackCountry "USA"]
[WhiteElo "2180"]
[WhiteRD "93"]
[BlackElo "1610"]
[BlackRD "72"]
[GameID "32042"]

1. e4 e5 2. Nf3 Nf6 3. Nxe5 d6 4. Nf3 Nxe4 5. d4 d5 6. Bd3 Be7 7. O-O Nc6 8. c4 Nf6 9. Nc3 O-O 10. h3 Be6
11. c5 b6 12. Bb5 Nb8 13. cxb6 axb6 14. Re1 c6 15. Bd3 Nbd7 16. Ng5 Ne4 17. Nxe6 fxe6 18. Nxe4 dxe4 19. Rxe4 Rf6 20. Bc4 Nc5
21. Re1 b5 22. dxc5 bxc4 23. Qxd8+ Rxd8 24. Bg5 Rf7 25. Bxe7 Rxe7 26. Rac1 Rd2 27. Rxc4 Rxb2 28. a4 Ra2 29. f3 Kf7 30. Rf4+ Ke8
31. Kh2 Rc2 32. Re5 h6 33. Kg3 Kd7 34. h4 Rd2 35. Rb4 Rd5 36. Rxd5+ exd5 37. Rb7+ Ke6 38. Rxe7+ Kxe7 39. Kf4 g6 40. h5 gxh5
41. Ke5 Kd7 42. f4
1-0

[Event "Big Open  leisure 12/01/2005"]
[Site "SchemingMind.com"]
[Date "2005.12.04"]
[Round "-"]
[White "keen"]
[Black "AaronB"]
[Result "1-0"]
[WhiteCountry "SCO"]
[BlackCountry "USA"]
[WhiteElo "1684"]
[WhiteRD "142"]
[BlackElo "1598"]
[BlackRD "71"]
[GameID "32043"]

1. e4 e5 2. Nf3 Nc6 3. Bb5 a6 4. Ba4 Nf6 5. O-O Nxe4 6. d4 b5 7. Bb3 d5 8. h3 exd4 9. Nxd4 Nxd4 10. Qxd4 c6
11. Nc3 Bf5 12. Qe5+ Be6 13. Nxe4 dxe4 14. Bxe6 fxe6 15. Qxe6+ Be7 16. Qxc6+ Kf7 17. Qxe4 Rc8 18. Qf5+ Bf6 19. Bg5 h6 20. Rad1 Qf8
21. Rd7+ Kg8 22. Qe6+
1-0

[Event "Big Open  leisure 12/01/2005"]
[Site "SchemingMind.com"]
[Date "2005.12.04"]
[Round "-"]
[White "doodledandy"]
[Black "AaronB"]
[Result "1-0"]
[WhiteCountry "CAN"]
[BlackCountry "USA"]
[WhiteElo "2301"]
[WhiteRD "65"]
[BlackElo "1566"]
[BlackRD "71"]
[GameID "32098"]

1. d4 Nf6 2. c4 e6 3. Nc3 Bb4 4. Qc2 c5 5. dxc5 O-O 6. a3 Qa5 7. Bd2 Bxc5 8. Ne4 Qb6 9. Nxc5 Qxc5 10. Bb4 Qd4
11. e3 Qh4 12. Nf3 Qe4 13. Qxe4 Nxe4 14. Bd3 Nf6 15. Bxf8 Kxf8 16. c5 Nc6 17. O-O b6 18. Rac1 Bb7 19. h3 h6 20. Rfd1 Rd8
21. e4 e5 22. cxb6 axb6 23. Rc3 d5 24. Bb5 dxe4 25. Rxd8+ Nxd8 26. Nxe5 Ne6 27. Bc4 Bd5 28. Nd7+ Ke7 29. Nxf6 Bxc4 30. Ng8+ Kf8
31. Rxc4 Kxg8 32. Rc8+ Kh7 33. a4
1-0

[Event "Big Open  leisure 12/01/2005"]
[Site "SchemingMind.com"]
[Date "2005.12.04"]
[Round "-"]
[White "doodledandy"]
[Black "jenricks"]
[Result "1-0"]
[WhiteCountry "CAN"]
[BlackCountry "ENG"]
[WhiteElo "2301"]
[WhiteRD "65"]
[BlackElo "2028"]
[BlackRD "116"]
[GameID "32101"]

1. d4 Nf6 2. c4 e6 3. Nc3 Bb4 4. e3 O-O 5. Bd3 d5 6. Nf3 b6 7. O-O Ba6 8. cxd5 Bxd3 9. Qxd3 exd5 10. a3 Bd6
11. Ne5 Re8 12. f4 c5 13. Bd2 Nbd7 14. Be1 Qe7= 15. Bh4 Qe6 16. Qe2 Bxe5 17. dxe5 Ne4 18. Rad1 Nxc3 19. bxc3 Nf8 20. Qf3 Ng6
21. Bg3 Ne7 22. f5 Qh6 23. e4 dxe4 24. Qxe4 Qc6 25. Qg4 Rad8 26. Rxd8 Rxd8 27. Bh4 Qe8 28. e6 h5 29. Qg3 Nxf5 30. Qe5 Rd2
31. exf7+ Qxf7 32. Rxf5 Qg6 33. Bg5 Rd6 34. Be7 Rd1+ 35. Kf2 Rd2+ 36. Ke1 Rd7 37. Rg5 Qb1+ 38. Kf2 Qa2+ 39. Kg3 Rd3+ 40. Kh4
1-0

[Event "Big Open  leisure 12/01/2005"]
[Site "SchemingMind.com"]
[Date "2005.12.04"]
[Round "-"]
[White "doodledandy"]
[Black "Zonrog"]
[Result "1-0"]
[WhiteCountry "CAN"]
[BlackCountry "RSA"]
[WhiteElo "2352"]
[WhiteRD "64"]
[BlackElo "1580"]
[BlackRD "131"]
[GameID "32102"]

1. d4 d5 2. c4 e6 3. Nf3 Nf6 4. Nc3 c6 5. Bg5 Nbd7 6. cxd5 exd5 7. e3 h6 8. Bh4 Be7 9. Bd3 g5 10. Bg3 Nh5
11. Be5 Nxe5 12. Nxe5 Nf6 13. O-O Bd6 14. f4
1-0

[Event "Big Open  leisure 12/01/2005"]
[Site "SchemingMind.com"]
[Date "2005.12.04"]
[Round "-"]
[White "doodledandy"]
[Black "Katarrov"]
[Result "1-0"]
[WhiteCountry "CAN"]
[BlackCountry "ESP"]
[WhiteElo "2403"]
[WhiteRD "67"]
[BlackElo "2192"]
[BlackRD "83"]
[GameID "32103"]

1. d4 d5 2. c4 c6 3. Nf3 Nf6 4. Nc3 e6 5. e3 Nbd7 6. Bd3 dxc4 7. Bxc4 b5 8. Bd3 a6 9. a4 b4 10. Ne4 c5
11. O-O Bb7 12. Ned2 Be7 13. Qe2 O-O 14. Rd1 Qc7 15. Nc4 Ng4 16. h3 Ngf6 17. Nfe5 Rad8 18. Qc2 Kh8 19. Bd2 cxd4 20. exd4 Nxe5
21. dxe5 Qc6 22. f3 Nd7 23. Bf4 Nb6 24. Nd6 Qxc2 25. Bxc2 Bd5 26. Be4 f5 27. Bd3 a5 28. Be3 Bxd6 29. exd6 Nc8 30. Bb5 f4
31. Bf2 Nxd6 32. Bh4 Nf5 33. Bxd8 Rxd8 34. Rac1 Ne3 35. Rd2 h5 36. h4 Kh7 37. Bd3+ Kh6 38. Be4 Rd6 39. g3 fxg3 40. Rd3 g5
41. hxg5+ Kxg5 42. Rxe3 h4 43. Rd3 Kf4 44. Rc5 h3 45. Bxd5 exd5 46. Rdxd5 Rh6 47. Rh5
1-0

[Event "Big Open  leisure 12/01/2005"]
[Site "SchemingMind.com"]
[Date "2005.12.04"]
[Round "-"]
[White "doodledandy"]
[Black "keen"]
[Result "1-0"]
[WhiteCountry "CAN"]
[BlackCountry "SCO"]
[WhiteElo "2224"]
[WhiteRD "69"]
[BlackElo "1684"]
[BlackRD "142"]
[GameID "32104"]

1. d4 d5 2. c4 Nc6 3. Nc3 dxc4 4. Nf3 Nf6 5. e3 Bg4 6. Bxc4 e6 7. Bb5 Bb4 8. Qa4 Bxc3+ 9. bxc3 Qd5 10. c4 Qe4
11. d5 O-O 12. dxc6 Bxf3 13. gxf3 Qxf3 14. Rf1 Ne4 15. cxb7 Rab8 16. Bc6
1-0

[Event "Big Open  leisure 12/01/2005"]
[Site "SchemingMind.com"]
[Date "2005.12.04"]
[Round "-"]
[White "AaronB"]
[Black "doodledandy"]
[Result "0-1"]
[WhiteCountry "USA"]
[BlackCountry "CAN"]
[WhiteElo "1598"]
[WhiteRD "71"]
[BlackElo "2224"]
[BlackRD "69"]
[GameID "32106"]

1. e4 e5 2. Nf3 Nc6 3. Bc4 Bc5 4. d3 Nf6 5. Nc3 d6 6. O-O Bg4 7. h3 Bh5 8. g4 Bg6 9. Bd5 h5 10. g5 Nxd5
11. exd5 Nd4 12. h4 Qd7 13. Kg2 Qg4+
0-1